| 000 | 00466nam a2200169Ia 4500 | ||
|---|---|---|---|
| 008 | 220216s9999 xx 000 0 und d | ||
| 100 | _aJoseph J | ||
| 245 | 0 | _aPreparation of quality sheets from ammonia preserved field latex | |
| 260 |
_bRubber Science _c2020 |
||
| 300 | _a221-227 | ||
| 650 | _aNatural rubber latex | ||
| 650 | _aPlasticity retention index | ||
| 650 | _aRibbed smoked sheets | ||
| 650 | _aStored latex | ||
| 700 | _aJacob M.K | ||
| 942 | _cJS | ||
| 999 |
_c65613 _d65613 |
||